000 01249 a2200265 4500
001 23692
005 20260407155523.0
008 260407a2010 arg spa d
003 AR-UNSa-BCEJYS
040 _aAR-UNSa-BCEJYS
_bspa
_cAR-UNSa-BCEJYS
080 _a658.3
_xPersonal. Relaciones humanas en la empresa (Recursos Humanos)
245 1 0 _aRecursos Humanos
020 _a978-987-615-097-2
264 1 _aBuenos Aires :
_bPearson Educación
_c2010
300 _a281 p.
_c23 cm.
505 _a1. Los trabajadores, la gerencia y las empresas - 2. El rol de los recursos humanos y la empresa - 3. La selección del personal - 4. Capacitación y capital intelectual - 5. Desarrollo. Planeamiento de reemplazos y sucesiones. Los planes de carrera - 6. La gestión del desempeño - 7. Compensaciones. Remuneración fija, variable y beneficios - 8. Relaciones gremiales - 9. El sistema de comunicaciones
041 _aspa
942 _cBK
590 _aniveau_biblio:m niveau_hierar:0
100 1 _aAquino, Jorge A.
700 1 _aVola -Luhrs, Roberto E.
700 1 _aArecco, Marcelo J.
700 1 _aAquino, Gustavo J.
856 4 1 _uhttps://biblioeco.unsa.edu.ar/pmb/images/libros/Recursos humanos2-l117683.jpg
_yImagen de portada
_qimage/jpeg
999 _c1117
_d1117